Pac 10 By Academic Rank Quiz Stats

Quiz not verified by Sporcle

Also try: What's Left? III
Challenge
Share
Tweet
Embed
Score 0/10 Timer 01:00
0 Plays Today
Pac 10 Rank School % Correct
1Stanford
98.2%
2California
94.7%
3UCLA
91.6%
4Southern California
84.5%
5Washington
82.6%
6Arizona
78.9%
8Oregon
70%
7Washington State
67.6%
10Oregon State
62.6%
9Arizona State
62.4%

You're not logged in!

Compare scores with friends on all Sporcle quizzes.
Join for Free
OR
Log In

You Might Also Like...

Show Comments

Extras

Top Quizzes Today


Score Distribution

Your Account Isn't Verified!

In order to create a playlist on Sporcle, you need to verify the email address you used during registration. Go to your Sporcle Settings to finish the process.

Report this User

Report this user for behavior that violates our Community Guidelines.

Details: